PR-SOF-1774-Development of 5 DOF Upper-Limb Wearable Exoskeleton for assistive purpose of Post- Stroke patients using Series Elastic Actuation (Record no. 577967)

000 -LEADER
fixed length control field 00520nam a22001217a 4500
082 ## - DEWEY DECIMAL CLASSIFICATION NUMBER
Classification number 220 PRO
100 ## - MAIN ENTRY--PERSONAL NAME
Personal name NC Asmaa Khalid PC Tahir Mahmood NC Umair Shafique
9 (RLIN) 71450
245 ## - TITLE STATEMENT
Title PR-SOF-1774-Development of 5 DOF Upper-Limb Wearable Exoskeleton for assistive purpose of Post- Stroke patients using Series Elastic Actuation
260 ## - PUBLICATION, DISTRIBUTION, ETC.
Place of publication, distribution, etc. ISLAMABAD
Name of publisher, distributor, etc. NUST COLEGE OF EME
Date of publication, distribution, etc. 2019
650 ## - SUBJECT ADDED ENTRY--TOPICAL TERM
Topical term or geographic name entry element DE-MTS-37 DECLASS
9 (RLIN) 71451
700 ## - ADDED ENTRY--PERSONAL NAME
Personal name Supervisors Dr. MubasherSaleem Dr. Umar Shahbaz Khan LE Umar Masood
9 (RLIN) 71452
942 ## - ADDED ENTRY ELEMENTS (KOHA)
Koha item type Continuing Resources
Holdings
Withdrawn status Lost status Damaged status Not for loan Permanent Location Current Location Shelving location Date acquired Total Checkouts Full call number Barcode Date last seen Price effective from Koha item type
        College of Electrical & Mechanical Engineering (CEME) College of Electrical & Mechanical Engineering (CEME)   12/06/2019   220 PRO PR-SOF-1774 06/28/2021 06/28/2021 Continuing Resources
© 2023 Central Library, National University of Sciences and Technology. All Rights Reserved.